000 00514cam a2200193ua 4500
001 2883
008 110913n ii |||gr||||Z||||||asm
040 _cMAIN
082 _a920
100 _aBhuyan, Surjyakumar,
245 1 1 _aSurjyakumar bhuyar jiwani sahitya
_cby Surjyakumar Bhuyan
250 _a1st.
260 _aGuahati:
_bPublication board assam,
_c2007.
300 _a585p:
_c23cm.
653 _aBiography
653 _aBiography of Surjyakumar Bhuyan
700 1 _aSharma, Anjali,
_eEditor.
942 _cBK
999 _c2732
_d2732